00878nam a2200277 a 45000010005000000030009000050080041000140200015000550400028000700820016000981000023001142450069001372500006002062600044002123000010002566500037002666500026003036500028003296500033003576500034003906500025004246500031004496500041004806500055005216500024005769479CO-ViMGA141112s2004 ck r 000 u spa d a9586531481 aCO-ViMGAbspacCO-ViMGA04a346.07 L9511 aLugari ; María, 10aRegimen Cambiario Colombiano : bDerecho de la Moneda Extranjera a2 aBogotá : bLegis Editores S.A, c1998 a292p.14aBALANZA DE PAGOS INTERNACIONALES14aBANCO DE LA REPUBLICA14aCAMBIOS INTERNACIONALES14aDERECHO ADMINISTRATIVO PENAL14aFONDO MONETARIO INTERNACIONAL14aINFRACCION CAMBIARIA14aINTERVENCIONISMO ECONOMICO14aLEY MARCO DE CAMBIOS INTERNACIONALES14aMARCO LEGAL DEL REGIMEN DE CAMBIOS INTERNACIONALES14aSOBERANIA MONETARIA